000 00688nam a2200289Ia 4500
005 20260324130718.0
008 008 260324s9999 xx 000 0 eng d
020 _a9781003579595
037 _aEBOOK
040 _aCRL
040 _beng
040 _cCRL
041 _2eng
041 _aeng
084 _qCRL
100 _aNaama Goren-Inbar; Sharon Gonen
_91182817
245 0 _aAxe Age
245 0 _bAcheulian Tool-making from Quarry to Discard
260 _bTaylor and Francis
260 _c2007
365 _a
365 _b255
856 _uhttp://www.taylorfrancis.com/books/9781003579595
942 _cEBOOK
999 _c1779217
_d1779217